| 000 | 00600nam a22001937a 4500 | ||
|---|---|---|---|
| 005 | 20251108164056.0 | ||
| 008 | 250721s2000 xx 000 0 ara d | ||
| 082 | 1 | 4 | _a628.16/فرج |
| 100 | 1 | _aفرج، محمد علي | |
| 245 | 1 | 0 |
_aالهندسة الصحية : _bإختبارات و مواصفات المياه / |
| 264 | 1 |
_aالقاهرة : _bدار الكتاب الحديث، _c2000. |
|
| 300 | _a167ص | ||
| 490 | 0 | _aموسوعة الهندسة الصحية ؛1 | |
| 650 | 1 | 7 | _aالمياة |
| 650 | 1 | 7 | _aالتحلية |
| 650 | 1 | 7 | _aالهندسة |
| 942 |
_2ddc _cBK |
||
| 999 |
_c2995 _d2995 |
||